Statistiques concernant Drapeaux d'Europe: ordre aléatoire

Cliquez ici pour prendre le quiz!

Statistiques générales

  • Ce quiz a été pris 277 fois
  • Le résultat moyen est 40 sur 45

Statistiques - réponses

Réponse% Correct
Ukraine
95%
Allemagne
94%
Belgique
94%
Finlande
94%
France
94%
Grèce
94%
Irlande
94%
Suisse
94%
Espagne
93%
Italie
93%
Croatie
92%
Portugal
92%
Estonie
91%
Macédoine du Nord
91%
Pologne
91%
Roumanie
91%
Royaume-Uni
91%
Russie
91%
Suède
91%
Albanie
90%
Danemark
90%
Norvège
90%
Pays-Bas
90%
Autriche
88%
République tchèque
88%
Vatican
88%
Bulgarie
87%
Islande
86%
Kosovo
86%
Lettonie
86%
Luxembourg
86%
Monaco
86%
Slovaquie
86%
Malte
85%
Lituanie
83%
Bosnie-Herzégovine
82%
Slovénie
82%
Hongrie
81%
Monténégro
81%
Saint-Marin
81%
Andorre
80%
Biélorussie
80%
Serbie
80%
Liechtenstein
75%
Moldavie
75%

Distribution des résultats

Percentile par nombre de réponses

% des personnes avec chaque résultat

Votre développement - résultats

Vous n’avez pas pris ce quiz